[Event "Parsvnath ch-Commonwealth"]
[Site "New Delhi IND"]
[Date "2007.12.08"]
[Round "8"]
[White "Bavankumar"]
[Black "Hamid,R"]
[Result "1-0"]
[WhiteElo "1949"]
[BlackElo "2189"]

1.e4 c5 2.Nf3 Nc6 3.Bb5 g6 4.O-O Bg7 5.Re1 b6 6.c3 Bb7 7.d4 cxd4 8.cxd4 Rc8
9.Nc3 a6 10.Bf1 b5 11.a3 d6 12.Be3 Nf6 13.Qd3 O-O 14.Rad1 Na5 15.Bg5 Nc4
16.Qe2 h6 17.Bc1 Nxa3 18.e5 Ne8 19.bxa3 Rxc3 20.Bb2 Rc7 21.Qe3 Bd5 22.Bd3 e6
23.Bb1 Qa8 24.Rc1 dxe5 25.dxe5 Qb7 26.Bc3 Kh7 27.Bb4 Rh8 28.Nh4 Rc4 29.Qg3 Nc7
30.Rxc4 bxc4 31.Bd6 Rb8 32.h3 Qc6 33.Bb4 Qe8 34.Qf4 Rb7 35.Bd6  1-0

[Event "Parsvnath ch-Commonwealth"]
[Site "New Delhi IND"]
[Date "2007.12.08"]
[Round "8"]
[White "Rathnakaran,K"]
[Black "Himanshu,Sh"]
[Result "1-0"]
[WhiteElo "2433"]
[BlackElo "2408"]

1.e4 c5 2.Nf3 Nc6 3.Bb5 g6 4.O-O Bg7 5.Re1 Nf6 6.e5 Nd5 7.Nc3 Nc7 8.Bxc6 dxc6
9.Ne4 Ne6 10.d3 O-O 11.Be3 b6 12.Qd2 Nd4 13.Nxd4 cxd4 14.Bh6 Bf5 15.Ng3 Qd7
16.h4 c5 17.Re2 Rac8 18.Rae1 Rc6 19.Qg5 Bxh6 20.Qxh6 b5 21.Nf1 Be6 22.Nh2 Bd5
23.f3 b4 24.Ng4 Rcc8 25.h5 Kh8 26.Nf6 exf6 27.hxg6 fxg6 28.exf6 Rxf6 29.Re7 Qxe7
30.Rxe7 Rf7 31.Qh3 Rd8 32.Qh4 Rd7 33.Rxd7 Rxd7 34.Qg4 Rd8 35.Qg5 Rd7 36.Qe5+  1-0

[Event "Parsvnath ch-Commonwealth"]
[Site "New Delhi IND"]
[Date "2007.12.09"]
[Round "9"]
[White "Stany,G"]
[Black "Kiran,M"]
[Result "0-1"]
[WhiteElo "2097"]
[BlackElo "2263"]

1.e4 c5 2.Nf3 Nc6 3.Bb5 e6 4.Bxc6 bxc6 5.b3 Ne7 6.e5 Ng6 7.Bb2 Be7 8.d3 f6
9.h4 O-O 10.Nbd2 fxe5 11.h5 Nh4 12.Nxh4 Bxh4 13.g3 Be7 14.Bxe5 Bf6 15.Qe2 d6
16.Bxf6 Qxf6 17.O-O e5 18.Kg2 a5 19.a4 Ra7 20.f3 Raf7 21.Rae1 Qe6 22.Rh1 Qd5
23.Rh4 Rf5 24.Rf1 Qf7 25.Nc4 Qc7 26.Qe1 Be6 27.Qxa5 Qe7 28.Ne3 Rf4 29.Rhh1 Rb4
30.Qa6 Qc7 31.d4 cxd4 32.Nd1 c5  0-1

[Event "UTD GM Invitational"]
[Site "Richardson USA"]
[Date "2007.12.09"]
[Round "5"]
[White "Izoria,Z"]
[Black "Ramirez,Alej"]
[Result "1/2-1/2"]
[WhiteElo "2643"]
[BlackElo "2505"]

1.e4 c5 2.Nf3 Nc6 3.Bb5 e6 4.O-O Nge7 5.Re1 Nd4 6.Nxd4 cxd4 7.d3 a6 8.Ba4 Nc6
9.Nd2 b5 10.Bb3 Be7 11.a4 bxa4 12.Bxa4 Bb7 13.Nf3 Qb6 14.c3 Bf6 15.Bxc6 Qxc6
16.cxd4 O-O 17.Bd2 Qb5 18.Bc3 d5 19.Qd2 Bc6 20.Bb4 Rfe8 21.Bc5 a5 22.e5 Bd8
23.b3 Bb6 24.Bxb6 Qxb6 25.Ra3 Rec8 26.h4 h6 27.Rea1 Be8 28.Kh2 Rab8 29.Rxa5 Qxb3
30.Rc5 Rc6 31.g4 Rxc5 32.dxc5 d4 33.Nxd4 Qd5 34.Qe3  1/2-1/2

[Event "Parsvnath ch-Commonwealth"]
[Site "New Delhi IND"]
[Date "2007.12.10"]
[Round "10"]
[White "Ramesh,R"]
[Black "Kamble,V"]
[Result "1-0"]
[WhiteElo "2473"]
[BlackElo "2374"]

1.e4 c5 2.Nf3 Nc6 3.Bb5 e6 4.O-O Nge7 5.Re1 a6 6.Bxc6 Nxc6 7.d4 cxd4 8.Nxd4 e5
9.Nf5 d6 10.Nc3 g6 11.Ne3 b5 12.a4 Rb8 13.axb5 axb5 14.Ncd5 Bg7 15.Bd2 O-O
16.Nb4 Bb7 17.Nxc6 Bxc6 18.Bb4 Ra8 19.Qd3 Qd7 20.Rxa8 Rxa8 21.Nd5 Qb7 22.h3 f5
23.Rd1 fxe4 24.Qxe4 Kh8 25.Qd3 Rd8 26.b3 Rd7 27.Ba3 Rd8 28.c4 bxc4 29.bxc4 Bxd5
30.cxd5 Qa7 31.Bc1 Qa4 32.Be3 e4 33.Qe2 Qb3 34.Bf4 Ra8 35.Bxd6 Rd8 36.Bg3 Rxd5
37.Rc1 Qb7 38.Rc7 Qb1+ 39.Kh2 h5 40.Qa6 Kh7 41.Qf6  1-0

[Event "Parsvnath ch-Commonwealth"]
[Site "New Delhi IND"]
[Date "2007.12.10"]
[Round "10"]
[White "Sumant,S"]
[Black "Stany,G"]
[Result "0-1"]
[WhiteElo "1956"]
[BlackElo "2097"]

1.e4 c5 2.Nf3 Nc6 3.Bb5 g6 4.c3 Bg7 5.O-O Nf6 6.Qa4 O-O 7.d4 cxd4 8.cxd4 a6
9.d5 Na5 10.Bd3 b5 11.Qd1 d6 12.Nc3 Bg4 13.h3 Bxf3 14.Qxf3 Rc8 15.g4 Nc4
16.Qg3 Nd7 17.a3 Nxb2 18.Bxb2 Bxc3 19.Bxc3 Rxc3 20.f4 Qb6+ 21.Kh1 Qd4 22.Rad1 Nc5
23.Rf3 Nxd3  0-1

[Event "Parsvnath ch-Commonwealth"]
[Site "New Delhi IND"]
[Date "2007.12.10"]
[Round "10"]
[White "Venkatesh,M"]
[Black "Himanshu,Sh"]
[Result "0-1"]
[WhiteElo "2451"]
[BlackElo "2408"]

1.e4 c5 2.Nf3 Nc6 3.Bb5 g6 4.Bxc6 dxc6 5.d3 Bg7 6.h3 Qc7 7.Nc3 Nf6 8.Be3 b6
9.Qd2 e5 10.Bh6 Bxh6 11.Qxh6 Be6 12.Qg7 Ke7 13.Qh6 Nd7 14.Ng5 Qd6 15.O-O-O Raf8
16.f4 f6 17.fxe5 Nxe5 18.Nf3 Rf7 19.Rhf1 Nxf3 20.gxf3 Qg3 21.h4 g5 22.h5 Qe5
23.Ne2 Rd8 24.Kb1 Kd7 25.Rg1 Kc7 26.f4 gxf4 27.Qxf4 Qxf4 28.Nxf4 Bc8 29.h6 Kd6
30.Rdf1 Ke7 31.b3 Kf8 32.Nh5 Rd6 33.Nf4 f5 34.e5 Rxh6 35.Rg5 Rg7 36.Rxg7 Kxg7
37.c3 Kf7 38.d4 cxd4 39.cxd4 Rh4 40.Rf2 h5 41.Kc2 Rg4 42.Kd3 h4 43.Ke3 Rg3+
44.Rf3 Rxf3+ 45.Kxf3 Kg7 46.b4 Kh6 47.Nh3 Kg6 48.Kf4 Be6 49.a3 Bc4 50.Ng1 Bf1
51.Nf3 h3 52.Kg3 Kf7 53.Kf4 Bg2  0-1

[Event "ch-RSA"]
[Site "Milnerton RSA"]
[Date "2007.12.14"]
[Round "1"]
[White "Willenberg,K"]
[Black "Cawdery,D"]
[Result "0-1"]
[WhiteElo "2183"]
[BlackElo "2254"]

1.e4 c5 2.Nf3 Nc6 3.Bb5 g6 4.O-O Bg7 5.c3 Nf6 6.e5 Nd5 7.Re1 O-O 8.d4 cxd4
9.cxd4 Nc7 10.Ba4 b5 11.d5 Nxe5 12.Nxe5 bxa4 13.d6 exd6 14.Qxd6 Re8 15.Bf4 Re6
16.Qd1 Qe7 17.Nd3 Rxe1+ 18.Nxe1 Bxb2 19.Nd2 Nd5 20.Nd3 Bxa1 21.Qxa1 Ba6 22.Bh6 Qf6
23.Qe5 Bxd3  0-1

[Event "XX Carlos Torre Magistral"]
[Site "Merida MEX"]
[Date "2007.12.15"]
[Round "1"]
[White "Quezada Perez,Y"]
[Black "Ramirez y Meza,B"]
[Result "1-0"]
[WhiteElo "2546"]
[BlackElo "2106"]

1.e4 c5 2.Nf3 Nc6 3.Bb5 g6 4.Bxc6 dxc6 5.d3 Bg7 6.h3 e6 7.e5 Ne7 8.Bg5 h6
9.Bxe7 Qxe7 10.Nbd2 f6 11.Nh4 Qf7 12.Ne4 O-O 13.Nd6 Qc7 14.Nxg6 fxe5 15.Nxf8 Qxd6
16.Ng6 e4 17.dxe4 Qxd1+ 18.Rxd1 Bxb2 19.Ne7+ Kf8 20.Nxc8 Rxc8 21.Rd7 Rb8
22.Ke2  1-0

[Event "ch-Central Serbia"]
[Site "Vrnjacka Banja SRB"]
[Date "2007.12.15"]
[Round "8"]
[White "Lajthajm,B"]
[Black "Chelushkina,I"]
[Result "0-1"]
[WhiteElo "2512"]
[BlackElo "2351"]

1.e4 c5 2.Nf3 Nc6 3.Bb5 g6 4.O-O Bg7 5.c3 a6 6.Bc4 e6 7.Re1 Nge7 8.d4 d5
9.exd5 exd5 10.Bf1 cxd4 11.Nxd4 Bxd4 12.cxd4 O-O 13.Bg5 Be6 14.Nc3 h6 15.Bxe7 Qxe7
16.Qd2 Qf6 17.Rad1 Rad8 18.Na4 Bg4 19.Be2 Bxe2 20.Rxe2 Rfe8 21.Nc3 Qf5 22.h3 b5  0-1

[Event "7th Amplico AIG Life"]
[Site "Warsaw POL"]
[Date "2007.12.15"]
[Round "1"]
[White "Tukhaev,A"]
[Black "Adamowicz,M"]
[Result "1-0"]
[WhiteElo "2517"]
[BlackElo "1805"]

1.e4 c5 2.Nf3 Nc6 3.Bb5 d6 4.O-O a6 5.Bxc6+ bxc6 6.c3 g6 7.d4 cxd4 8.cxd4 Bg7
9.Nc3 e6 10.Be3 Ne7 11.Rc1 O-O 12.Qd2 Bb7 13.Bh6 Rc8 14.Na4 f5 15.Bxg7 Kxg7
16.e5 h6 17.exd6 Qxd6 18.Nc5 Rc7 19.Rfe1 Bc8 20.Qe2 Rf6 21.Ne5 Qxd4 22.Red1 Qb4
23.Ned7 Bxd7 24.Nxd7 Nd5 25.Nxf6 Kxf6 26.Re1 Qd6 27.Qxa6 e5 28.Qa8 Kg7 29.Qa4 g5
30.Red1 f4 31.Qc4 f3 32.Rxd5 Qe6 33.Rc5 Qf5 34.Rxc6 Rxc6 35.Qxc6 Qg4 36.Qxf3  1-0

[Event "7th Amplico AIG Life"]
[Site "Warsaw POL"]
[Date "2007.12.15"]
[Round "2"]
[White "Warakomski,T"]
[Black "Przezdziecka,E"]
[Result "1-0"]
[WhiteElo "2498"]
[BlackElo "2107"]

1.e4 c5 2.Nf3 Nc6 3.Bb5 d6 4.c3 Bd7 5.d4 cxd4 6.cxd4 Nf6 7.Nc3 a6 8.Ba4 Qa5
9.O-O g6 10.d5 Ne5 11.Nxe5 Bxa4 12.Nc4 Bxd1 13.Nxa5 Bc2 14.f3 Rb8 15.Be3 Nd7
16.Rac1 Bd3 17.Rfd1 Bb5 18.Nxb5 axb5 19.Bd4 Rg8 20.Nxb7 Ne5 21.Rc7 Bh6 22.Bxe5 dxe5
23.d6 Be3+ 24.Kf1  1-0

[Event "7th Amplico AIG Life"]
[Site "Warsaw POL"]
[Date "2007.12.15"]
[Round "5"]
[White "Gdanski,J"]
[Black "Markiewicz,Ja"]
[Result "1-0"]
[WhiteElo "2504"]
[BlackElo "2294"]

1.e4 c5 2.Nf3 Nc6 3.Bb5 g6 4.Bxc6 dxc6 5.h3 Bg7 6.d3 Nf6 7.a4 O-O 8.Nbd2 b6
9.O-O a5 10.Nc4 h6 11.Qe2 Be6 12.Nce5 Rc8 13.Bd2 Nd7 14.Bc3 Nb8 15.Nd2 Qc7
16.f4 Nd7 17.Ndf3 Nxe5 18.Nxe5 Bxe5 19.Bxe5 Qd7 20.f5 gxf5 21.exf5 Bxf5 22.Qh5 Bh7
23.Rf3 f6 24.Qxh6 Rf7 25.Rg3+ Kh8 26.Rf1 Rg8 27.Kh2 Rxg3 28.Bxg3 Rg7 29.b3 Qd5
30.Qf4 Bg8 31.Rf3 Qh5 32.c4 Be6 33.Qe3 Bd7 34.Rf4 Kg8 35.Re4 Kf8 36.Rh4 Qg6
37.d4 cxd4 38.Rxd4 e5 39.Rd2 c5 40.Rd6 Re7 41.Rxb6 Qh5 42.Rxf6+ Ke8 43.Rh6 Qf5
44.Rh8+ Kf7 45.Qh6  1-0

[Event "7th Amplico AIG Life"]
[Site "Warsaw POL"]
[Date "2007.12.15"]
[Round "7"]
[White "Sulskis,S"]
[Black "Toma,K"]
[Result "1-0"]
[WhiteElo "2527"]
[BlackElo "2283"]

1.e4 c5 2.Nf3 Nc6 3.Bb5 d6 4.O-O Bd7 5.Re1 a6 6.Bf1 Nf6 7.c3 e6 8.d4 cxd4
9.cxd4 d5 10.exd5 Nxd5 11.Nc3 Nxc3 12.bxc3 Be7 13.c4 O-O 14.d5 exd5 15.cxd5 Nb4
16.Rxe7 Qxe7 17.a3 Nxd5 18.Qxd5 Bc6 19.Qe5 Rfe8 20.Bb2 Qxe5 21.Nxe5 Bd5 22.Ng4 Rad8
23.a4 Bb3 24.Ra3 Be6 25.Ne3 f5 26.g3 g5 27.Bf6 Rd2 28.Bxg5 Rb2 29.Ra1 Kf7
30.a5 Kg6 31.h4 h6 32.Bf4 Rd8 33.Rc1 Ra2 34.Bg2 Rdd2 35.Bxb7 Rdb2 36.Rc6 Ra1+
37.Kg2 Rxb7 38.Rxe6+ Kf7 39.Rxh6 Rb5 40.Bc7 Ra2 41.Nc4 Rc5 42.Nd6+ Kg7 43.Re6 Rd2
44.Bb6 Rcd5 45.Nc4 Ra2 46.h5 Ra4 47.Ne3 Rb5 48.Kf3 f4 49.gxf4 Rxh5 50.Rd6 Kf7
51.Rd7+ Ke6 52.Ra7 Rh3+ 53.Kg4 Rh1 54.Rxa6 Rg1+ 55.Kf3  1-0

[Event "7th Amplico AIG Life"]
[Site "Warsaw POL"]
[Date "2007.12.15"]
[Round "8"]
[White "Felgaer,R"]
[Black "Daskevics,Va"]
[Result "1-0"]
[WhiteElo "2539"]
[BlackElo "2331"]

1.e4 c5 2.Nf3 Nc6 3.Bb5 g6 4.O-O Bg7 5.Re1 e5 6.a3 Nge7 7.b4 d6 8.c3 O-O
9.d3 h6 10.Bc4 Kh7 11.Nbd2 a6 12.Bb2 f5 13.Qc2 b5 14.Ba2 fxe4 15.Nxe4 cxb4
16.axb4 Bg4 17.Nfd2 Qc7 18.Rac1 a5 19.bxa5 Rxa5 20.Bb3 d5 21.Ng3 Qb6 22.Ndf1 h5
23.Ne3 Be6 24.Ra1 h4 25.Ngf1 h3 26.Rxa5 Nxa5 27.Ba3 hxg2 28.Ng3 Nxb3 29.Bxe7 Rf7
30.Qxb3 d4 31.Qb4 dxe3 32.Rxe3 Bh6 33.Bc5 Qc6 34.Rxe5 Rf3 35.Qh4 Rxd3 36.Ne4 Rd1+
37.Kxg2 Bf5 38.Re7+ Kg8 39.Re8+ Kh7 40.Qe7+ Bg7 41.Qh4+ Bh6 42.Re7+ Kg8 43.Re8+ Kh7
44.Re7+ Kg8 45.Bd4 Bxe4+ 46.Rxe4 Re1 47.f3 Rxe4 48.fxe4 Bf8 49.Qh8+ Kf7 50.Qh7+ Ke8
51.Kf3 Qe6 52.Qh4 Be7 53.Qg3 Qc6 54.Qe5 Qc4 55.Qh8+ Kd7 56.Qh3+ Ke8 57.Qg2 Kf7
58.Qf2 Ke8 59.Kg2 Qd3 60.Qf3 Qd2+ 61.Kh3 b4 62.e5 Qh6+ 63.Kg2 Qg5+ 64.Kh3 Qh6+
65.Kg2 Qg5+ 66.Kh1 Qc1+ 67.Kg2 Qg5+ 68.Kf1 Qc1+ 69.Kg2 Qg5+ 70.Kh1 Qc1+ 71.Kg2 Qg5+
72.Kh3 Qh6+ 73.Kg3 Qg5+ 74.Kf2 Qd2+ 75.Kg3 Qe1+ 76.Kg2 Qd2+ 77.Kg3 Qe1+ 78.Kf4 Qh4+
79.Ke3 bxc3 80.Bxc3 Qc4 81.Kd2 Bg5+ 82.Kc2 Qa2+ 83.Bb2 Qc4+ 84.Kb1 Bf4 85.h3 g5
86.Qh5+ Kd7 87.Qh7+ Ke8 88.Qg6+ Kd7 89.Qf5+ Ke8 90.Qg6+ Kd7 91.Qf5+ Ke8 92.Qg6+ Kd7
93.Qd6+ Kc8 94.Qf8+ Kb7 95.Qg7+ Kc6 96.Qg6+ Kd7 97.Qd6+ Kc8 98.Qd1 Qb5 99.e6 Qf5+
100.Qc2+ Qxc2+ 101.Kxc2 Kc7 102.Ba3 Kc6 103.Kd3  1-0

[Event "7th Amplico AIG Life"]
[Site "Warsaw POL"]
[Date "2007.12.15"]
[Round "8"]
[White "Kopczynski,M"]
[Black "Ajrapetjan,Y"]
[Result "1-0"]
[WhiteElo "2240"]
[BlackElo "2420"]

1.e4 c5 2.Nf3 Nc6 3.Bb5 g6 4.O-O Bg7 5.Bxc6 dxc6 6.h3 Nf6 7.d3 O-O 8.Be3 Nd7
9.Nc3 Qc7 10.Qd2 Rd8 11.Bh6 Bh8 12.Qg5 Ne5 13.Nd2 f6 14.Qg3 Qb6 15.Rab1 Qa5
16.f4 Nf7 17.Qh4 c4 18.Rf3 cxd3 19.cxd3 b5 20.b4 Qb6+ 21.Kh1 a5 22.bxa5 Qxa5
23.d4 b4 24.Nb3 Qc7 25.Nd1 Rxa2 26.Rg3 Re2 27.Ne3 Qa7 28.Qh5 Bg7 29.Qxe2 Bxh6
30.f5 g5 31.Qc4 Ba6 32.Qxc6 Qb8 33.e5 Bb7 34.Qe6 fxe5 35.dxe5 Qxe5 36.Qxe5 Nxe5
37.Nc5 Bc6 38.Rxb4 Ra8 39.Rb1 Ra3 40.Ne6 Kf7 41.Kh2 Ra2 42.Nd8+ Ke8 43.Nxc6 Nxc6
44.Rb6 Kd7 45.Nd5 Bg7 46.f6 Bxf6 47.Nxf6+ exf6 48.Rb7+ Ke6 49.Rxh7 Ne5 50.Rb7 Ng6
51.Rb6+ Kf5 52.Rf3+ Nf4 53.Rg3 Nh5 54.Rgb3 Kg6 55.Kg1 Nf4 56.Rb2 Ra1+ 57.Kh2 Rf1
58.Rb1 Rf2 59.R6b2 Rxb2 60.Rxb2 Nd3 61.Rd2 Ne5 62.Kg3 Nc4 63.Ra2 Ne3 64.Kf3 Nf5
65.Ke4 Nd6+ 66.Kd5 Nf7 67.Ra6 Kg7 68.Ke6 Ne5 69.Kf5 Ng6 70.Rxf6 Nh4+ 71.Kxg5 Nxg2
72.Re6 Kf7 73.Re2  1-0

[Event "XX Carlos Torre Magistral"]
[Site "Merida MEX"]
[Date "2007.12.16"]
[Round "2"]
[White "Perez Garcia,Rodn"]
[Black "De la Rosa Lara,A"]
[Result "1/2-1/2"]
[WhiteElo "2427"]
[BlackElo "1959"]

1.e4 c5 2.Nf3 Nc6 3.Bb5 g6 4.O-O Bg7 5.Re1 e5 6.Bxc6 dxc6 7.d3 Qe7 8.Be3 Nf6
9.h3 O-O 10.Nbd2 Rd8 11.Qc1 b6 12.Nc4 Ne8 13.Bh6 Bh8 14.a4 f6 15.Nh2 Be6
16.b3 Nd6 17.Nxd6 Qxd6 18.f4 Qd4+ 19.Kh1 exf4 20.Nf3 Qd7 21.Qxf4 Qd6 22.Qh4 Bg7
23.e5 fxe5 24.Bxg7 Kxg7 25.Rxe5 Rf8 26.Rae1 Bd5 27.Re7+ Rf7 28.c4 Bxf3 29.Rxf7+ Kxf7
30.Qxh7+ Kf6 31.Rf1 Re8 32.Qh6 Kf7 33.Qh7+ Kf6 34.Rxf3+ Kg5 35.g3 Qd4 36.Qh4+ Qxh4
37.gxh4+ Kxh4 38.Kg1 Re1+ 39.Kf2 Rb1 40.a5 bxa5 41.Rf6 Rxb3 42.Rxg6 Rxd3
43.Rh6+ Kg5 44.Rxc6 Rxh3 45.Rxc5+ Kf4 46.Rxa5 Rh2+ 47.Ke1 Ke3 48.Ra3+ Kd4
49.Rxa7  1/2-1/2

[Event "7th Amplico AIG Life"]
[Site "Warsaw POL"]
[Date "2007.12.16"]
[Round "13"]
[White "Kalvaitis,S"]
[Black "Skalski,M"]
[Result "0-1"]
[WhiteElo "2245"]
[BlackElo "2443"]

1.e4 c5 2.Nf3 Nc6 3.Bb5 g6 4.O-O Bg7 5.c3 Nf6 6.e5 Nd5 7.d4 cxd4 8.cxd4 O-O
9.Nc3 Nxc3 10.bxc3 d6 11.exd6 exd6 12.Bf4 Qc7 13.Re1 Na5 14.Qd2 Be6 15.Ng5 Bc4
16.Ba4 b5 17.Bd1 Bd5 18.Bf3 Bxf3 19.Nxf3 Nc4 20.Qd3 Rfe8 21.Nd2 Nxd2 22.Qxd2 Rac8
23.Rxe8+ Rxe8 24.Re1 Rc8 25.Re3 h5 26.h3 Qc6 27.Qe2 a6 28.Kh2 Bf6 29.Kg1 Kg7
30.Qd2 Qd5 31.Bh6+ Kh7 32.Rf3 Bh8 33.Bf4 Bg7 34.Re3 Bf6 35.Qe2 a5 36.Qd2 Rc4
37.a3 b4 38.axb4 axb4 39.Bg3 bxc3 40.Rxc3 Rxd4  0-1

[Event "XX Carlos Torre Magistral"]
[Site "Merida MEX"]
[Date "2007.12.17"]
[Round "4"]
[White "Meier,Geo"]
[Black "Cordova,Em"]
[Result "1/2-1/2"]
[WhiteElo "2558"]
[BlackElo "2493"]

1.e4 c5 2.Nf3 Nc6 3.Bb5 g6 4.Bxc6 dxc6 5.d3 Bg7 6.h3 Nf6 7.Nc3 Nd7 8.Be3 b6
9.Qd2 h6 10.Nh2 e5 11.O-O Nf8 12.f4 exf4 13.Rxf4 Be6 14.Raf1 Qe7 15.R4f2 Nd7
16.Ne2 Ne5 17.Nf3 Nxf3+ 18.Rxf3 O-O-O 19.b3 f5 20.exf5 Bxf5 21.Bf4 Be6 22.Bh2  1/2-1/2

[Event "Open A"]
[Site "Zadar CRO"]
[Date "2007.12.17"]
[Round "2"]
[White "Sedlak,N"]
[Black "Saric,Iv"]
[Result "1-0"]
[WhiteElo "2605"]
[BlackElo "2466"]

1.e4 c5 2.Nf3 Nc6 3.Bb5 g6 4.Bxc6 dxc6 5.d3 Bg7 6.h3 Nh6 7.Nc3 f6 8.Be3 b6
9.Qd2 Nf7 10.O-O-O e5 11.Nh2 Be6 12.f4 exf4 13.Bxf4 Qd7 14.Nf3 O-O-O 15.d4 cxd4
16.Nxd4 Kb7 17.Qe2 Qc8 18.a4 a5 19.Qf2 Bd7 20.Rd2 Ne5 21.Rhd1 Rhe8 22.Kb1 Nc4
23.Rd3 f5 24.exf5 Bxf5 25.Nxf5 gxf5 26.Qh4 Rxd3 27.cxd3 Na3+ 28.bxa3 Bxc3
29.Qxh7+ Ka8 30.Rc1 Bd4 31.Qg6 Re6 32.Qf7 Re2 33.Rc2 Re1+ 34.Bc1 c5 35.Qd5+ Kb8
36.Ka2 Qe8 37.Qb3 Ka7 38.Bb2 Qd7 39.Bxd4 Qxd4 40.Rb2 Qf6 41.Qd5 f4 42.h4 Re6
43.Qd7+ Kb8 44.h5 Rd6 45.Qe8+ Rd8 46.Qe4 Rd4 47.Qe8+ Rd8 48.Qb5 Kc7 49.Re2 Rh8
50.Qa6 Qf7+ 51.Kb2 Qf6+ 52.Kc2 f3 53.Qa7+ Kc6 54.Re7 Qxe7 55.Qxe7 fxg2 56.Qe4+  1-0

[Event "Open A"]
[Site "Zadar CRO"]
[Date "2007.12.17"]
[Round "2"]
[White "Majeric,Z"]
[Black "Jankovic,A"]
[Result "1-0"]
[WhiteElo "2345"]
[BlackElo "2548"]

1.e4 c5 2.Nf3 Nc6 3.Bb5 e6 4.Bxc6 bxc6 5.e5 f6 6.O-O fxe5 7.Nxe5 Nf6 8.d3 d6
9.Nc4 Be7 10.Bg5 O-O 11.Nbd2 h6 12.Bh4 g5 13.Bg3 e5 14.Re1 Nd5 15.c3 Nf4
16.Bxf4 Rxf4 17.g3 Rf7 18.Qa4 Bd7 19.Ne4 Qb8 20.Nxc5 dxc5 21.Nxe5 Qd6 22.Nxf7 Kxf7
23.Qe4 Rg8 24.Re3 g4 25.Rae1 Bg5 26.f4 Bd8 27.Qh7+ Rg7 28.Qh8 Rg8 29.Qh7+ Rg7
30.Qh8 Qf8 31.Qxh6 Rg6 32.Qh7+ Qg7 33.Qh5 Qh6 34.Qxc5 Rd6 35.Qxa7 c5 36.Re8 Qf6
37.Rxd8 Qxd8 38.Qxc5 Qb6 39.Qxb6 Rxb6 40.b3 Rc6 41.c4 Rd6 42.Rd1 Bf5 43.d4 Re6
44.Rd2 Re1+ 45.Kf2 Rh1 46.Ke3 Re1+ 47.Kf2 Rh1 48.d5 Rxh2+ 49.Ke3 Rh1 50.Kd4 Kf6
51.b4 Rg1 52.b5 Rxg3 53.b6 Rh3 54.c5 g3 55.Rg2  1-0

[Event "XX Carlos Torre Wimbledon"]
[Site "Merida MEX"]
[Date "2007.12.19"]
[Round "1.2"]
[White "Zapata,Alo"]
[Black "Cordova,Em"]
[Result "0-1"]
[WhiteElo "2495"]
[BlackElo "2493"]

1.e4 c5 2.Nf3 Nc6 3.Bb5 g6 4.O-O Bg7 5.c3 e5 6.d3 Nge7 7.Be3 b6 8.d4 cxd4
9.cxd4 exd4 10.Nxd4 O-O 11.Nc3 a6 12.Be2 Bb7 13.Nb3 d5 14.Nxd5 Nxd5 15.Qxd5 Qe7
16.Bg5 Qe8 17.Bf3 h6 18.Be3 Rd8 19.Qc4 b5 20.Qc2 Nb4 21.Qb1 f5 22.Nc5 Ba8
23.a3 Nd3 24.Qa2+ Kh8 25.Ne6 fxe4 26.Nxg7 Kxg7 27.Be2 Qe5 28.b3 Kh7 29.Rad1 Qc3
30.Qb1 Rf7 31.f4 Bb7 32.Qa1 Qxa1 33.Rxa1 Rc8 34.Bg4 Rcf8 35.g3 Bc8 36.Bxc8 Rxc8
37.Ra2 a5 38.Re2 Re7 39.f5 g5 40.f6 Re6 41.Rf5 Kg6 42.Rxb5 Rxf6 43.Rxa5 Rcf8
44.Kg2 Rf1 45.Kh3 R8f3 46.Bd2 Rg1 47.Be3 Rxe3  0-1

[Event "3rd ch-BIH"]
[Site "Sarajevo BIH"]
[Date "2007.12.19"]
[Round "2"]
[White "Predojevic,B"]
[Black "Nurkic,S"]
[Result "1-0"]
[WhiteElo "2645"]
[BlackElo "2415"]

1.e4 c5 2.Nf3 Nc6 3.Bb5 g6 4.O-O Bg7 5.Re1 e5 6.b4 cxb4 7.a3 Nge7 8.axb4 O-O
9.Bxc6 dxc6 10.d3 h6 11.Bb2 Qc7 12.Nbd2 g5 13.Nc4 Ng6 14.Ne3 Ne7 15.Ra3 b6
16.Qa1 Ng6 17.d4 exd4 18.Nxd4 Bxd4 19.Bxd4 Re8 20.Nf1 Kh7 21.Ng3 Nf4 22.Be3 Kg6
23.c4 Be6 24.e5  1-0

[Event "Open A"]
[Site "Zadar CRO"]
[Date "2007.12.21"]
[Round "8"]
[White "Palac,M"]
[Black "Martinovic,Sa"]
[Result "1-0"]
[WhiteElo "2567"]
[BlackElo "2362"]

1.e4 c5 2.Nf3 Nc6 3.Bb5 Nf6 4.Nc3 Qc7 5.d3 Nd4 6.Ba4 a6 7.Nxd4 cxd4 8.Ne2 Qa5+
9.c3 dxc3 10.bxc3 e6 11.O-O Be7 12.Bd2 O-O 13.Ng3 d6 14.d4 Qc7 15.Bc2 e5
16.Bb3 Bg4 17.f3 Be6 18.Bxe6 fxe6 19.Qb3 Qd7 20.Rfb1 Rab8 21.Be3 exd4 22.Bxd4 b5
23.Rd1 Kh8 24.a4 Rfc8 25.axb5 e5 26.Bf2 Qxb5 27.Qxb5 axb5 28.Nf5 Bf8 29.Nxd6 Bxd6
30.Rxd6 Rxc3 31.Bg3 Re8 32.Rb1 h6 33.Rxb5 Rc1+ 34.Kf2 Rc2+ 35.Ke3 Rxg2 36.Bxe5 Rf8
37.Rbb6 h5 38.Bxf6 gxf6 39.Rxf6 Rxf6 40.Rxf6 Rxh2 41.e5 Kg7 42.Ke4 h4 43.Rf4 h3
44.Rg4+ Kf7 45.f4 Re2+ 46.Kf3 h2 47.Rh4 Ra2 48.Kg3 Ra3+ 49.Kg4 Ra2 50.Kg3 Ra3+
51.Kxh2 Kg6 52.Rh3 Ra8 53.Kg3 Kf5 54.Rh5+ Ke4 55.e6 Rg8+ 56.Rg5  1-0

[Event "Abierto"]
[Site "Pamplona ESP"]
[Date "2007.12.23"]
[Round "2"]
[White "Vinal Gutierrez,P"]
[Black "San Segundo Carrillo,P"]
[Result "0-1"]
[WhiteElo "2114"]
[BlackElo "2536"]

1.e4 c5 2.Nf3 Nc6 3.Bb5 g6 4.Bxc6 dxc6 5.d3 Bg7 6.O-O Nf6 7.Nbd2 O-O 8.h3 Ne8
9.Nc4 Nd6 10.Nxd6 Qxd6 11.Qe2 e5 12.b3 f5 13.Nd2 c4 14.Nxc4 Qe7 15.f3 g5
16.Bb2 h5 17.a3 g4 18.fxg4 hxg4 19.Kh2 Rf6 20.Rh1 Rh6 21.Kg1 gxh3 22.gxh3 Be6
23.Rh2 Qg5+ 24.Kh1 Qg4 25.Qf2 Rxh3  0-1

[Event "37th Rilton Cup"]
[Site "Stockholm SWE"]
[Date "2007.12.28"]
[Round "2"]
[White "Hillarp Persson,T"]
[Black "Smith,Ax"]
[Result "1/2-1/2"]
[WhiteElo "2567"]
[BlackElo "2384"]

1.e4 c5 2.Nf3 Nc6 3.Bb5 e6 4.Bxc6 bxc6 5.d3 Ne7 6.Qe2 Qc7 7.h4 e5 8.h5 d6
9.Nh4 f6 10.g4 Be6 11.c4 O-O-O 12.Nc3 Rg8 13.Bd2 g6 14.h6 f5 15.f3 f4 16.g5 Kd7
17.Ng2 Rb8 18.O-O-O Qb6 19.b3 Nc8 20.Ne1 Be7 21.Rg1 Qd8 22.Qg2 Nb6 23.Nc2 Ke8
24.Kb2 Nd7 25.Ne2 Bf7 26.Be1 Nf8 27.Rb1 Ne6 28.Bh4 Kf8 29.Kc1 Be8 30.a3 Kf7
31.Nc3 Bf8 32.Be1 Be7 33.Bh4  1/2-1/2

[Event "XVIII Cracovia"]
[Site "Krakow POL"]
[Date "2007.12.29"]
[Round "4"]
[White "Shkapenko,P"]
[Black "Czarnota,P"]
[Result "1/2-1/2"]
[WhiteElo "2404"]
[BlackElo "2554"]

1.e4 c5 2.Nf3 Nc6 3.Bb5 d6 4.d4 cxd4 5.Qxd4 Bd7 6.Bxc6 Bxc6 7.Nc3 Nf6 8.Bg5 e6
9.O-O-O Be7 10.Qd3 Qa5 11.Kb1 O-O 12.h4 h6 13.Rh3 Rfe8 14.Rdh1 d5 15.e5 Ne4
16.Bxe7 Rxe7 17.Qd4 Rc8 18.Rd1 Rec7 19.Nd2 Nxc3+ 20.Rxc3 Ba4 21.Rxc7 Rxc7
22.b3 Bb5 23.Kb2 Be2 24.Re1 Bh5 25.c3 Bg6 26.g4 Rc6 27.a3 a6 28.h5 Bh7 29.Qe3 Rc8
30.Nf3 Be4 31.Nd4 Qd8 32.f3  1/2-1/2

[Event "37th Rilton Cup"]
[Site "Stockholm SWE"]
[Date "2008.01.02"]
[Round "6"]
[White "Holving,R"]
[Black "Berczes,C"]
[Result "0-1"]
[WhiteElo "2210"]
[BlackElo "2419"]

1.e4 c5 2.Nf3 Nc6 3.Bb5 g6 4.Bxc6 dxc6 5.d3 Bg7 6.Nc3 Nf6 7.h3 O-O 8.Be3 Nd7
9.Qd2 f6 10.Nh2 e5 11.O-O Rf7 12.f4 exf4 13.Bxf4 Nf8 14.Bh6 Bh8 15.Rae1 Bd7
16.Qf2 Ne6 17.Kh1 Qe7 18.Qg3 Nd4 19.Rf2 Bg7 20.Bxg7 Kxg7 21.Ref1 Raf8 22.Nf3 Bc8
23.Nxd4 cxd4 24.Ne2 c5 25.c3 dxc3 26.bxc3 c4 27.Nd4 cxd3 28.Qxd3 Re8 29.Re1 b6
30.Rfe2 Qc5 31.Qg3 Qe5 32.Qd3 Rc7 33.Re3 Bb7 34.Nf5+ Kf8 35.Nh6 Bc8 36.Nf5 Qc5
37.Nd4 Kg8 38.Qb5 Qxb5 39.Nxb5 Rd7 40.e5 fxe5 41.Rxe5 Rxe5 42.Rxe5 Kf7 43.Re2 Ba6
44.Rf2+ Ke6 45.a4 Bxb5 46.axb5 Rc7 47.Ra2 Kd5 48.c4+ Kd4 49.Kh2 Re7 50.Rc2 h5
51.Kg3 g5 52.Kf2 Kd3 53.Rc1 Rc7 54.Rd1+ Kc3 55.Rd6 Rc5 56.Rh6 h4  0-1

[Event "Masters"]
[Site "Liege BEL"]
[Date "2008.01.03"]
[Round "1"]
[White "Gulbas,C"]
[Black "Hautot,S"]
[Result "1/2-1/2"]
[WhiteElo "2356"]
[BlackElo "2336"]

1.e4 c5 2.Nf3 Nc6 3.Bb5 e6 4.O-O Nge7 5.Re1 a6 6.Bf1 Ng6 7.c3 Be7 8.d4 d6
9.Be3 O-O 10.a3 cxd4 11.Nxd4 Qc7 12.c4 Bd7 13.Nxc6 Bxc6 14.Nc3 Rac8 15.Rc1 Qb8  1/2-1/2

[Event "XXXIII Open"]
[Site "Sevilla ESP"]
[Date "2008.01.05"]
[Round "1"]
[White "Cilleros Rodriguez,M"]
[Black "Escobar Forero,A"]
[Result "0-1"]
[WhiteElo "1830"]
[BlackElo "2461"]

1.e4 c5 2.Nf3 Nc6 3.Bb5 d6 4.O-O Bd7 5.d3 Nf6 6.c3 e6 7.Nbd2 Be7 8.Re1 O-O
9.Ba4 Rc8 10.Nc4 a6 11.Bc2 b5 12.Ne3 e5 13.h3 g6 14.Nd5 Nxd5 15.exd5 Nb8
16.d4 exd4 17.cxd4 cxd4 18.Nxd4 Bf6 19.Be3 Re8 20.Rc1 Rc4 21.Bb3 Rxd4 22.Bxd4 Rxe1+
23.Qxe1 Bxd4 24.Rc2 a5 25.Re2 a4 26.Bc2 Na6 27.b4 Qg5 28.Qd1 Be5 29.Qd2 Qxd2
30.Rxd2 Nxb4  0-1

[Event "ch-Reykjavik"]
[Site "Reykjavik ISL"]
[Date "2008.01.06"]
[Round "1"]
[White "Kristinsson,Bj"]
[Black "Loftsson,H"]
[Result "0-1"]
[WhiteElo "1822"]
[BlackElo "2248"]

1.e4 c5 2.Nf3 Nc6 3.Bb5 g6 4.O-O Bg7 5.c3 e5 6.d3 Nge7 7.Be3 d6 8.a4 O-O
9.Na3 h6 10.Nd2 f5 11.f4 Kh7 12.Qe1 exf4 13.Bxf4 g5 14.Bg3 f4 15.Bf2 Ne5
16.d4 cxd4 17.Bxd4 N7c6 18.Nc2 g4 19.Kh1 Qg5 20.g3 f3 21.Qe3 Qe7 22.Rad1 h5
23.Qf2 Be6 24.Bxe5 Nxe5 25.Rfe1 a6 26.Bf1 Bh6 27.Nd4 Rad8 28.b3 Bg5 29.Nxe6 Qxe6
30.Nc4 Bf6 31.Rd5 Kg6 32.Red1 Nxc4 33.Bxc4 Be5 34.Kg1 Qf6 35.Kf1 h4 36.Qb6 hxg3
37.hxg3 Rh8 38.Qxb7 Bxg3  0-1

[Event "Homenaje a los Hermanos Ingolotti"]
[Site "Ciudad del Este PAR"]
[Date "2008.01.08"]
[Round "8"]
[White "Valiente,C"]
[Black "Larrea,M"]
[Result "1/2-1/2"]
[WhiteElo "2273"]
[BlackElo "2342"]

1.e4 c5 2.Nf3 Nc6 3.Bb5 g6 4.O-O Bg7 5.Re1 e5 6.c3 Nge7 7.d3 O-O 8.a3 d6
9.b4 b6 10.Be3 h6 11.Ba4 f5 12.Bc1 Kh7 13.Nbd2 f4 14.h3 g5 15.Nh2 Bd7 16.Ndf3 Ng6
17.Bb2 Qe7  1/2-1/2